| 000 | 00501nam a2200181 i 4500 | ||
|---|---|---|---|
| 001 | bg | ||
| 100 | 1 | _aSWAN, Michael | |
| 245 | 4 |
_aThe new Cambridge English course. _nVol. 3, _pTeacher / _cMichael Swan, Catherine Walter. |
|
| 260 |
_aCambridge : _bCambridge Univ. Press, _c1992. |
||
| 650 | 9 |
_aJęzyk angielski _xnauczanie |
|
| 655 | _aPodręczniki | ||
| 700 | 1 | _aWALTER, Catherine | |
| 040 | _cBPK | ||
| 041 | _apol | ||
| 080 | _a802.0 | ||
| 942 | _cKS | ||
| 008 | s pl f |000 0 pol | ||
| 999 |
_c5433 _d5433 |
||
| 856 |
_uhttp://koha.tu.koszalin.pl/cgi-bin/koha/opac-detail.pl?biblionumber=5433 _yKatalog online BPK |
||